Danske poststempler for frimaerketiden : haandbog og katalog (Record no. 1997)

000 -LEADER
fixed length control field 00405nam a22000977a 4500
008 - FIXED-LENGTH DATA ELEMENTS--GENERAL INFORMATION
fixed length control field 160509b xxu||||| |||| 00| 0 eng d
100 ## - MAIN ENTRY--AUTHOR'S NAME
Author's Name Rathje, E.
245 ## - TITLE STATEMENT
Title Danske poststempler for frimaerketiden : haandbog og katalog
260 ## - PUBLICATION, DISTRIBUTION, ETC. (IMPRINT)
Place of publication, distribution, etc. Kobenhavn
Name of publisher, distributor, etc. Kopbenhavns Philatelist Klub
Date of publication, distribution, etc. 1955
650 ## - TOPICAL TERM (Tag)
Topical term or geographic name Denmark | Postal History | Postal Markings | Pre-adhesive Covers | Covers | Fee Paid Mail | Catalogs and Price Lists
Holdings
Withdrawn status Lost status Source of classification or shelving scheme Damaged status Koha normalized classification for sorting Not for loan Permanent Location Current Location Date acquired Total Checkouts Full call number Barcode Date last seen Price effective from
        G6921 P857 R234   Northern Philatelic Library Northern Philatelic Library 05/09/2016   G6921 P857 R234 1002321 05/09/2016 05/09/2016

Powered by Koha